| 000 | 01204nam a22003497a 4500 | ||
|---|---|---|---|
| 003 | CHAP | ||
| 005 | 20220329143821.0 | ||
| 008 | 110930s2010 mx r 00010 spa d | ||
| 010 | _a102281 | ||
| 011 | _a103253 | ||
| 035 | _a113942 | ||
| 040 | _cCHAP | ||
| 090 | _aTesis | ||
| 100 | 1 |
_aGalindo García, Omar. _944295 |
|
| 245 | 1 | 0 |
_aRendimiento de pepino partenocárpico en respuesta a las podas basal y apical en hidroponía _c/por Omar Galindo García |
| 260 |
_aCocula, Gro. : _bEl autor, _c2010 |
||
| 300 |
_aix, 92 h. : _bilus. |
||
| 502 | _aTesis (Ing. Agr. Fitotecnista) -- UACH. Centro de Estudios Profesionales | ||
| 590 |
_aALEPH _b10 _c20130110 _lUCH01 _h1542 |
||
| 590 |
_aBATCH-UPD _b10 _c20130110 _lUCH01 _h0917 |
||
| 590 |
_aBATCH-UPD _b10 _c20130410 _lUCH01 _h0540 |
||
| 590 |
_aBATCH-UPD _b10 _c20130914 _lUCH01 _h1123 |
||
| 590 |
_aCONVERSION _b10 _c20130109 _lUCH01 _h1356 |
||
| 650 | 1 | 4 |
_aCultivos _xGuerrero. _930280 |
| 650 | 1 | 4 |
_aHidroponía. _955280 |
| 650 | 1 | 4 |
_aPartenocarpia. _985793 |
| 650 | 1 | 4 |
_aPepino _xPoda. _986924 |
| 650 | 1 | 4 |
_aPepino _xRendimiento. _986928 |
| 901 | _aBK | ||
| 942 | _cTESIS | ||
| 949 |
_aTesis _bBC _cTES _d33724002303363 _eTS1 _gDonaciØn _h52781 _i113942 _sb |
||
| 999 |
_c102281 _d102281 |
||